000 00565nam a2200181 4500
001 144091
003 ES-MaACL
005 20230906200936.0
007 t|
008 070214s1971 sp r ||||1| spa d
245 0 0 _aSi, acepto...!, si, quiero...!.
250 _a2ª. ed.
260 _aBilbao :
_bDescleé de Brouwer,
_c1971.
300 _a77 p., 6 lám. ;
_c16 cm.
500 _aPrecede al tít.: Instituto Diocesano de Formación Prematrimonial.
710 2 _aInstituto Diocesano de Formación Prematrimonial.
_95023
852 _aES-MaACL
_jC-42118
_bR.76658
999 _c144091
_d144091